书目信息 |
| 题名: |
信息论及其应用
|
|
| 作者: | 仇佩亮 编著 | |
| 分册: | ||
| 出版信息: | 杭州 浙江大学出版社 2000.08 |
|
| 页数: | 296页 | |
| 开本: | 32开 | |
| 丛书名: | ||
| 单 册: | ||
| 中图分类: | G201 | |
| 科图分类: | ||
| 主题词: | 信息论 , 传播学 | |
| 电子资源: | ||
| ISBN: | 7-308-02124-6 | |
| 000 | 00569nam0 2200205 45 | |
| 001 | 0010081433 | |
| 005 | 20001008144759.9 | |
| 010 | @a7-308-02124-6@d11.00元 | |
| 100 | @a20001008d2000 km y0chiy0120 ea | |
| 101 | 0 | @achi |
| 105 | @a z 000yy | |
| 200 | 1 | @a信息论及其应用@AXin Xi Lun Ji Qi Ying Yong@f仇佩亮编著@FChou Pei Liang Bian Zhu |
| 210 | @a杭州@c浙江大学出版社@d2000.08 | |
| 215 | @a296页@d32开 | |
| 606 | 0 | @a信息论 |
| 606 | 0 | @a传播学 |
| 690 | @aG201@v3 | |
| 701 | 0 | @a仇佩亮@4编著 |
| 801 | @aCN@bPftUser@c20001008 | |
| 905 | @b172568-572@dG201@eQ457@f5 | |
| 信息论及其应用/仇佩亮编著.-杭州:浙江大学出版社,2000.08 |
| 296页;32开 |
| ISBN 7-308-02124-6:11.00元 |
| ● |
| 相关链接 |
|
|
|
正题名:信息论及其应用
索取号:G201/Q457
 
预约/预借
| 序号 | 登录号 | 条形码 | 馆藏地/架位号 | 状态 | 备注 |
| 1 | 172568 | 201725687 | 社科二线422/409社科库 119排4列5层/ [索取号:G201/Q457] | 在馆 | |
| 2 | 172569 | 201725696 | 社科库409/409社科库 56排6列3层/ [索取号:G201/Q457] | 在馆 | |
| 3 | 172570 | 201725703 | 社科库409/409社科库 56排6列3层/ [索取号:G201/Q457] | 在馆 | |
| 4 | 172571 | 201725712 | 社科库409/409社科库 56排6列3层/ [索取号:G201/Q457] | 在馆 | |
| 5 | 172572 | 201725721 | 社科库409/409社科库 56排6列3层/ [索取号:G201/Q457] | 在馆 |